Statistics for Every Mob in Minecraft

Click here to take the quiz!

General Stats

  • This quiz has been taken 49 times
  • The average score is 48 of 77

Answer Stats

TypeMob% Correct
HostileZombie
95%
PassiveCow
93%
BossEnder Dragon
93%
PassivePig
93%
HostileSkeleton
90%
PassiveSheep
88%
PassiveVillager
88%
BossWither
88%
NeutralEnderman
85%
PassiveTropical Fish
85%
NeutralWolf
85%
HostileCreeper
83%
NeutralCave Spider
80%
PassiveChicken
80%
HostileChicken Jockey
80%
NeutralSpider
78%
PassiveCat
75%
HostileGhast
73%
PassiveHorse
73%
PassiveSalmon
73%
HostileBlaze
70%
NeutralPiglin
70%
HostilePiglin Brute
70%
HostilePillager
70%
NeutralZombified Piglin
70%
HostileWither Skeleton
68%
NeutralGoat
65%
PassiveSkeleton Horse
65%
HostileSkeleton Horseman
65%
HostileZombie Villager
65%
PassiveAxolotl
63%
NeutralDolphin
63%
HostileEndermite
63%
NeutralIron Golem
63%
PassiveOcelot
63%
NeutralPanda
63%
NeutralPolar Bear
63%
PassiveBat
60%
PassiveDonkey
60%
PassiveGlow Squid
60%
PassiveParrot
60%
PassivePufferfish
60%
PassiveSquid
60%
NeutralBee
58%
HostileDrowned
58%
PassiveFox
58%
PassiveFrog
58%
HostileGuardian
58%
NeutralLlama
58%
HostileMagma Cube
58%
NeutralTrader Llama
58%
PassiveCod
55%
HostileElder Guardian
55%
HostileSilverfish
55%
HostileSlime
55%
PassiveMooshroom
53%
PassiveMule
53%
PassiveAllay
50%
HostileHoglin
50%
HostileShulker
50%
PassiveTurtle
50%
HostileWitch
50%
HostileHusk
48%
PassiveRabbit
48%
PassiveSnow Golem
48%
HostileSpider Jockey
48%
PassiveStrider
48%
PassiveWandering Trader
48%
HostileWarden
48%
HostilePhantom
45%
HostileRavager
45%
HostileStray
45%
HostileVex
45%
HostileEvoker
38%
HostileVindicator
35%
HostileZoglin
35%
PassiveTadpole
33%

Score Distribution

Percentile by Number Answered

Percent of People with Each Score

Your Score History

You have not taken this quiz